| 000 | 01491nam a2200349 a 4500 | ||
|---|---|---|---|
| 700 | 1 |
_aЗлатарски, Иван Василев _d1948- _gПреводач от английски език (художествена литература), инженер _9242826 |
|
| 999 |
_c1746 _d1746 |
||
| 003 | BLK | ||
| 005 | 20240608100135.0 | ||
| 008 | 180412b bul|||||r ||||||| ||bul|| | ||
| 010 | _aKNG00002638000 | ||
| 040 | _aBLK | ||
| 041 |
_aBUL _cBUL |
||
| 080 |
_aАмериканска литература (на САЩ) _b821.111(73) _x-312.4 _z821.111(73)-312.4 |
||
| 100 | 1 |
_aЛъдлъм, Робърт _eпърви автор _9241671 |
|
| 139 |
_aЛъдлъм, Робърт _bЛ 93 |
||
| 245 | 1 | 0 |
_aМозайката на Парсифал _bРоман : Кн. 1- _cРобърт Лъдлъм; прев. от англ. Иван Василев Златарски. _nКн. 2 |
| 257 | _aUSA | ||
| 260 |
_a[Варна] _bБард _c1993 - _fХасково : Полиграфюг |
||
| 300 |
_c20 см _a576 с. |
||
| 380 | _aX | ||
| 500 | _aОриг. загл. The Parsifal Mosaic / Robert Ludlum. - Офс. изд. | ||
| 653 | _aтрилъри | ||
| 653 | _aромани | ||
| 760 | 1 |
_aЛъдлъм, Робърт _d1993 _h576 с. _tКн. 2 |
|
| 852 |
_aЦб 171467 _bЦб |
||
| 856 | 4 |
_qpdf _u _i0.00 _ldisable |
|
| 856 | 4 |
_qpdf _u _i0.00 _ldisable |
|
| 942 |
_cKNG _n0 _018 _s1 |
||
| 944 |
_aCR _c15.01.2003 _lГалина Якимова _k30564 |
||
| 944 |
_aED _c02.08.2011 _lф / |
||
| 999 | _d1746 | ||